<?xml version="1.0" encoding="UTF-8"?>
<record
    xmlns:xsi="http://www.w3.org/2001/XMLSchema-instance"
    xsi:schemaLocation="http://www.loc.gov/MARC21/slim http://www.loc.gov/standards/marcxml/schema/MARC21slim.xsd"
    xmlns="http://www.loc.gov/MARC21/slim">

  <leader>00436    a2200121   4500</leader>
  <controlfield tag="001">ART_24049</controlfield>
  <controlfield tag="005">20260410161933.0</controlfield>
  <controlfield tag="008">260409a                                 </controlfield>
  <datafield tag="245" ind1="1" ind2="0">
    <subfield code="a">Explorando un enfoque de regulaciones laborales y protecci&#xF3;n social para Am&#xE9;rica latina</subfield>
  </datafield>
  <datafield tag="100" ind1="1" ind2=" ">
    <subfield code="a">Beccaria, Luis A.</subfield>
  </datafield>
  <datafield tag="700" ind1="1" ind2=" ">
    <subfield code="a">Maurizio, Roxana</subfield>
  </datafield>
  <datafield tag="773" ind1="0" ind2=" ">
    <subfield code="t">Revista de Econom&#xED;a Pol&#xED;tica de Buenos Aires</subfield>
    <subfield code="g">- A&#xF1;o 4, N&#xBA; 7/8 (nov. 2010)</subfield>
    <subfield code="w">REV23982</subfield>
  </datafield>
  <datafield tag="999" ind1=" " ind2=" ">
    <subfield code="c">28817</subfield>
    <subfield code="d">28817</subfield>
  </datafield>
</record>
